Riadenie nelineárnych dynamických systémov pomocou neuroevolúcie

Gespeichert in:
Bibliographische Detailangaben
1. Verfasser: Malenka, Daniel (Verfasst von)
Weitere Verfasser: Banásová, Dominika (Betreuung Doktorarbeit)
Format: Manuskript Buch
Sprache:Slowakisch
Veröffentlicht: Bratislava : STU v BRatislave FEI, 2021
Schlagworte:
Online-Zugang:https://opac.crzp.sk/?fn=detailBiblioForm&sid=38F43C5054BC4F7F29BDCFF31F28&seo=CRZP-detail-kniha
Tags: Tag hinzufügen
Keine Tags, Fügen Sie das erste Tag hinzu!

MARC

LEADER 00000ntm a22000003a 4500
001 stuzp82525
003 SK-STU
005 20211108140618.8
007 ta
008 150427s2015----xo-----f-mn---000-0-slo-d
040 |a STU  |b slo 
041 0 |a slo 
044 |a xo 
100 1 |a Malenka, Daniel  |u 031000  |4 aut  |U FEI Fakulta elektrotechniky a informatiky  |T FEI Ústav robotiky a kybernetiky  |X 98345  |U E011  |Y 356  |7 98345 
242 0 1 |a Control of Nonlinear Dynamic Systems Using Neuroevolution  |y eng 
245 1 0 |a Riadenie nelineárnych dynamických systémov pomocou neuroevolúcie 
260 |a Bratislava :  |b STU v BRatislave FEI,  |c 2021 
300 |a 51 s., príl. 
650 4 |a neuroregulátor  |2 slo 
650 4 |a genetický algoritmus  |2 slo 
650 4 |a nelineárny dynamický systém  |2 slo 
650 4 |a nonlinear dynamic system  |2 eng 
650 4 |a genetic algorithm  |2 eng 
650 4 |a neuroregulator  |2 eng 
700 1 |a Banásová, Dominika  |u 031000  |k Z3  |4 ths  |U FEI Fakulta elektrotechniky a informatiky  |T FEI Ústav robotiky a kybernetiky  |X 72772  |U E011  |Y 356  |7 72772 
856 4 |u https://opac.crzp.sk/?fn=detailBiblioForm&sid=38F43C5054BC4F7F29BDCFF31F28&seo=CRZP-detail-kniha